logo

Bir Sreshtho Munshi Abdur Rouf Library
Jhenaidah Cadet College

Heinemann English links three / (Record no. 8705)

MARC details
000 -LEADER
fixed length control field 01165pam a2200373 a 4500
001 - CONTROL NUMBER
JCCL Control Number 8705
003 - CONTROL NUMBER IDENTIFIER
JCCL marc code BD-JhCC
005 - DATE AND TIME OF LATEST TRANSACTION
control field 20180301125802.0
008 - FIXED-LENGTH DATA ELEMENTS--GENERAL INFORMATION
fixed length control field 000712s2000 vraa d 000 0 eng d
020 ## - INTERNATIONAL STANDARD BOOK NUMBER
International Standard Book Number 086462574X
020 ## - INTERNATIONAL STANDARD BOOK NUMBER
International Standard Book Number 086462574x
020 ## - INTERNATIONAL STANDARD BOOK NUMBER
International Standard Book Number 0864626088
035 ## - SYSTEM CONTROL NUMBER
system control number (BD-JhCC)8705
035 ## - SYSTEM CONTROL NUMBER
system control number 2218362
040 ## - CATALOGING SOURCE
Original cataloging agency ANL
Modifying agency ANL
-- BD-JhCC
041 ## - LANGUAGE CODE
Language code of Book eng
082 04 - DEWEY DECIMAL CLASSIFICATION NUMBER
Classification number 428.007
DDC Edition number 21
Author mark and Year GLA 2000
100 1# - MAIN ENTRY--PERSONAL NAME
Personal name Glasson, Toni.
245 10 - TITLE STATEMENT
Title Heinemann English links three /
Statement of responsibility, etc Toni Glasson ... [et al.].
246 3# - VARYING FORM OF TITLE
Title proper/short title Heinemann English links 3
260 ## - PUBLICATION, DISTRIBUTION, ETC. (IMPRINT)
Place of publication, distribution, etc Port Melbourne :
Name of publisher, distributor, etc Heinemann,
Date of publication, distribution, etc 2000.
300 ## - PHYSICAL DESCRIPTION
Pagination viii, 248 p. :
Other physical details col. ill. ;
Dimensions 28 cm.
490 1# - SERIES STATEMENT
Series statement Heinemann English links
650 #0 - SUBJECT ADDED ENTRY--TOPICAL TERM
Topical term or geographic name as entry element English language
Form subdivision Problems, exercises, etc.
650 #0 - SUBJECT ADDED ENTRY--TOPICAL TERM
Topical term or geographic name as entry element English language.
700 1# - ADDED ENTRY--PERSONAL NAME
Personal name Glasson, Toni.
700 1# - ADDED ENTRY--PERSONAL NAME
Personal name O'Hara, Marguerite.
Title of a work Heinemann e English three : interactive student CD-ROM.
700 1# - ADDED ENTRY--PERSONAL NAME
Personal name Pryor, Michael.
Title of a work Heinemann e English three : interactive student CD-ROM.
740 0# -
Uncontrolled related/analytical title E English three.
740 0# -
Uncontrolled related/analytical title Heinemann English three.
830 #0 - SERIES ADDED ENTRY--UNIFORM TITLE
Uniform title Heinemann English links.
942 ## - ADDED ENTRY ELEMENTS (KOHA)
Source of classification or shelving scheme Dewey Decimal Classification
Koha item type Books
Holdings
Source of classification or shelving scheme Damaged status Not for loan Home library Current library Shelving location Total Checkouts Full call number Barcode Date last seen Copy number Koha item type
Dewey Decimal Classification     JCC Rouf Library JCC Rouf Library General Stacks   428.007 GLA 2000 11507 03/01/2018 C - 1 Books

JCC Library | Contacts | JCC Home

Last Update on 23 September 2017
Copyright @ 2017-2020 JCC Rouf Library
Rouf Library, Jhenidah Cadet College (JCC), Bangladesh